| 000 | 00478nam a2200193 i 4500 | ||
|---|---|---|---|
| 001 | bg | ||
| 100 | 1 | _aDOMINKO, Stanisław | |
| 245 | 0 |
_aPrzekaźniki elektroenergetyczne / _cStanisław Dominko. |
|
| 250 | _aWyd.2 uzup. | ||
| 260 |
_aWarszawa, _c1970. |
||
| 650 | 9 |
_aElektroenergetyka _xurządzenia |
|
| 650 | 9 | _aPrzekaźniki | |
| 655 | _aPodręczniki | ||
| 040 | _cBPK | ||
| 041 | _apol | ||
| 080 | _a621.318 | ||
| 942 | _cKS | ||
| 008 | s pl f |000 0 pol | ||
| 999 |
_c7125 _d7125 |
||
| 856 |
_uhttp://koha.tu.koszalin.pl/cgi-bin/koha/opac-detail.pl?biblionumber=7125 _yKatalog online BPK |
||